El pan de la palabra: homilías para todos los domingos y principales fiestas del año

Shranjeno v:
Bibliografske podrobnosti
Glavni avtor: Gunkel, Theo (Author)
Format: Knjiga
Jezik:španščina
Izdano: Barcelona Herder 1966
Izdaja:2a. ed
Teme:
Oznake: Označite
Brez oznak, prvi označite!

MARC

LEADER 00000nam a2200000 a 4500
001 UCX3776
003 CL-VaPUC
008 911219e19660000SP |||||||||||||||||spa|d
082 0 4 |a 252.6  |b GUN  |2 21 
100 0 |a Gunkel, Theo  |e author  |9 319972 
245 1 3 |a El pan de la palabra: homilías para todos los domingos y principales fiestas del año 
250 |a 2a. ed 
300 |a 360 p 
942 |c BK 
945 |d 19911219 00:00:00 
260 |a Barcelona  |b Herder  |c 1966 
650 0 |a Oratoria sagrada  |9 315619 
583 |a last modification  |c 19911219 00:00:00  |k Rodrigo Vera 
999 |c 224440  |d 224438 
952 |0 0  |1 0  |4 0  |6 252_600000000000000_GUN_1966  |7 0  |8 A  |9 221075  |a BIBTEO  |b BIBTEO  |d 2019-11-15  |i 2898268  |o 252.6 GUN 1966  |p 2898268  |r 2025-01-17  |w 2019-11-15  |y BK  |k ICR